01069nam a2200181 450000500170000001000150001702000260003203500140005803700090007208200150008110000170009624500500011325000060016326000380016927000520020730000250025950006030028420250407144030.0 aENG-144520 c599.00a9789385509698 aEN-128052 bDBAD a954.023092 aAthale, Anil aThe Legacy Of SHIVAJI The Great/cAnil Athale a1 aMumbai bIndus Source Booksc2023 bMumbai aP.O Box 6194, Malabar Hill PO e400006 axi, 266p.c23cm(pb)  a Col. Anil Athale, a former infantry soldier, is a graduate of Staff College and has a doctorate from Pune University. He was head of the War History Division, Ministry of Defence, and has co-authored the official history of the 1962 Sino-Indian war and the insurgency in the Northeast. He is the recipient of several research fellowships including Fulbright, Kennedy Centre, IDSA, USI, and Philosophical Society. He has been engaged in thirty years of research on conflicts in Kashmir, the Northeast, Ireland, Sri Lanka, and South Africa. He is also the author of seven books on military history.